000 00582nam a2200205Ia 4500
001 17681
003 GE_BSU
008 181216s||||||||xx |||||||||||||| ||und||
040 _cGE_BSU
080 _a69
245 _aВведение в городские строительство.
245 _bУчебник.
245 _cСтраментов,А.Е.
260 _aМ.
260 _bГосстройиздат.
260 _c1963.
300 _a172 стр. с илл. 27 см.
653 _aВведение в городские строительство.
942 _cBK
999 _c50729
_d50729